000 00728nam a22002177a 4500
003 OSt
005 20250819031550.0
008 250819b |||||||| |||| 00| 0 eng d
020 _a0-06-620967-6.
040 _aDWCL-Main lib
_cOC
082 _aCirc. 641.5945 H428m 2004
100 _aHazan, Marcella
245 _aMarcella says...:
_bItalian cooking wisdom from the legendary teacher's master classes, with 120 of her irresistible new recipes/
_cMarcella Hazan
250 _a1st ed.
260 _aNew York :
_b Harper Collins Pub. ,
_cc2004
300 _a1-390 p.
_b: ill. ;
_c 23 cm.
504 _aIncludes appendix & index.
650 _a1. Cookery
650 _a2. Italian
942 _2ddc
_cBK-CIRC
_e1st ed.
_kCirc.
_n0
999 _c4051
_d4051